000 00904cab a2200277 4500
001 ABS46568
008 090401t1992 xxu||||| |||| 00| 0 eng d
035 _a(Sirsi) u58769
041 _aeng
100 _aSparkes, P.
245 _aEstablished easements against leaseholds
260 _c1992
350 _a0
490 _aConveyancer & Property Lawyer
_vmay-June 1992, 167-179(13)
520 _aDiscusses in detail the case "Simmins V Dobson" (Abs44987) which held that the doctrine of lost modern grant was not available to leaseholders. Compares this case with previous ones.
650 _aBRIDLE V GRANT
650 _aEXPRESS GRANT
650 _aFEE SIMPLE
650 _aIMPLIED GRANT
650 _aLEASEHOLD PRESCRIPTION
650 _aLOST MODERN GRANT
650 _aPRESCRIPTION ACT 1832
690 _aHIGHWAYS RIGHTS OF WAY AND EASEMENTS
942 _n0
948 _c04/03/1997
999 _c35937
_d35937